USC Basketball: Top 10 All-Time Leaders - Statistics

General Stats
  • This quiz has been taken 16 times
    4 since last reset
  • The average score is 5 of 90
Answer Stats
Category # Player Amount % Correct
Three Pointers Made 5 Boogie Ellis 226
75%
Points Per Game 10 Boogie Ellis 15.5
75%
Points 1 Harold Miner 2,048
75%
Three Pointers Made 10 Harold Miner 176
75%
Points Per Game 1 Harold Miner 23.5
75%
Points 5 Desmon Farmer 1,606
25%
Three Pointers Made 7 Desmon Farmer 203
25%
Games 8 Desmon Farmer 121
25%
Assists 9 Drew Peterson 344
25%
Assists 8 Gus Williams 362
25%
Points Per Game 8 Gus Williams 16.1
25%
Points Per Game 7 Allen Young 16.3
0%
Points 6 Bennie Boatwright 1,542
0%
Three Pointers Made 3 Bennie Boatwright 243
0%
Points Per Game 2 Bill Hewitt 19.1
0%
Assists 1 Brandon Granville 779
0%
Steals 1 Brandon Granville 229
0%
Three Pointers Made 6 Brandon Granville 218
0%
Games 6 Brandon Granville 124
0%
Field Goal Percent 6 Brian Scalabrine 51.3%
0%
Points Per Game 9 Brian Scalabrine 15.7
0%
Blocks 3 Chimezie Metu 168
0%
Field Goal Percent 4 Chimezie Metu 53.3%
0%
Field Goal Percent 9 Dan Anderson 49.6%
0%
Assists 7 Daniel Hackett 363
0%
Rebounds 10 David Bluthenthal 755
0%
Points Per Game 5 Dennis Layton 17.1
0%
Points 10 Derrick Dowell 1,483
0%
Rebounds 7 Derrick Dowell 806
0%
Steals 6 Derrick Dowell 179
0%
Field Goal Percent 7 Derrick Dowell 50.4%
0%
Assists 4 Duane Cooper 398
0%
Games T9 Duane Cooper 118
0%
Games T3 Dwight Lewis 133
0%
Blocks 7 Elijah Stewart 125
0%
Three Pointers Made 2 Elijah Stewart 245
0%
Games 1 Elijah Stewart 138
0%
Steals 2 Errick Craven 223
0%
Steals 7 Gabe Pruitt 158
0%
Three Pointers Made 9 Gabe Pruitt 179
0%
Assists 6 Jacque Hill 389
0%
Rebounds T8 Jaha Wilson 767
0%
Steals 5 Jeff Trepagnier 204
0%
Points Per Game 4 John Block 18.2
0%
Points 9 John Rudometkin 1,484
0%
Rebounds 5 John Rudometkin 831
0%
Points Per Game 3 John Rudometkin 18.8
0%
Steals 10 Jonah Mathews 135
0%
Three Pointers Made 1 Jonah Mathews 247
0%
Games T3 Jonah Mathews 133
0%
Points 4 Jordan McLaughlin 1,648
0%
Assists 2 Jordan McLaughlin 739
0%
Steals 3 Jordan McLaughlin 213
0%
Three Pointers Made 8 Jordan McLaughlin 185
0%
Games 5 Jordan McLaughlin 128
0%
Blocks 4 Joshua Morgan 163
0%
Assists 5 Julian Jacobs 397
0%
Steals 8 Kobe Johnson 156
0%
Assists 3 Larry Friend 409
0%
Steals 9 Lodrick Stewart 148
0%
Three Pointers Made 4 Lodrick Stewart 232
0%
Games 7 Lodrick Stewart 123
0%
Blocks 6 Lorenzo Orr 128
0%
Field Goal Percent 10 Lorenzo Orr 49.6%
0%
Rebounds 2 Nick Rakocevic 923
0%
Blocks T8 Nick Rakocevic 119
0%
Games 2 Nick Rakocevic 136
0%
Points 8 Nick Young 1,486
0%
Field Goal Percent 5 Nikola Jovanovic 51.9%
0%
Blocks T8 Omar Oraby 119
0%
Field Goal Percent 8 Paul Westphal 49.8%
0%
Points Per Game 6 Paul Westphal 16.4
0%
Assists 10 Robert Pack 319
0%
Blocks 10 Rod Keller 118
0%
Points 2 Ronnie Coleman 1,727
0%
Rebounds 6 Ronnie Coleman 816
0%
Field Goal Percent 2 Ronnie Coleman 54.2%
0%
Rebounds 1 Ron Riley 1,067
0%
Blocks 5 Rory O'Neil 129
0%
Games T9 Rory O'Neil 118
0%
Points 3 Sam Clancy 1,657
0%
Rebounds 4 Sam Clancy 839
0%
Blocks 2 Sam Clancy 195
0%
Steals 4 Stais Boseman 208
0%
Rebounds 3 Taj Gibson 896
0%
Blocks 1 Taj Gibson 253
0%
Field Goal Percent 1 Taj Gibson 58.0%
0%
Points 7 Wayne Carlander 1,524
0%
Rebounds T8 Wayne Carlander 767
0%
Field Goal Percent 3 Wayne Carlander 53.7%
0%
No matching quizzes found
Score Distribution
Percent of People with Each Score
Percentile by Number Answered
Your Score History
You have not taken this quiz since the last reset